[Event "DEM U14 2024"]
[Site "Willingen GER"]
[Date "2024.05.25"]
[Round "9"]
[White "Yasmo, Daniil"]
[Black "Stephanblome, Felix"]
[Result "1/2-1/2"]
[Termination "normal"]
[Board "14"]
[WhiteElo "2067"]
[BlackElo "1869"]
[WhiteClock "00:22:15"]
[BlackClock "01:19:57"]
[PlyCount "129"]
[WhiteFideId "14199165"]
[BlackFideId "34661026"]
[EventCountry "GER"]
[EventRounds "9"]
[EventType "swiss"]
[EventDate "2024.05.18"]

1. e4 {[%clk 01:30:58]} {[%emt 00:00:02]} e5 {[%clk 01:30:54]} {[%emt
00:00:06]} 2. Nf3 {[%clk 01:31:25]} {[%emt 00:00:03]} Nc6 {[%clk 01:31:20]}
{[%emt 00:00:04]} 3. Bb5 {[%clk 01:31:49]} {[%emt 00:00:06]} a6 {[%clk
01:31:43]} {[%emt 00:00:07]} 4. Ba4 {[%clk 01:32:15]} {[%emt 00:00:04]} Nf6
{[%clk 01:32:05]} {[%emt 00:00:06]} 5. O-O {[%clk 01:32:33]} {[%emt 00:00:13]}
Nxe4 {[%clk 01:32:25]} {[%emt 00:00:10]} 6. d4 {[%clk 01:32:47]} {[%emt
00:00:16]} b5 {[%clk 01:32:49]} {[%emt 00:00:06]} 7. Bb3 {[%clk 01:33:07]}
{[%emt 00:00:11]} d5 {[%clk 01:33:13]} {[%emt 00:00:05]} 8. dxe5 {[%clk
01:33:17]} {[%emt 00:00:20]} Be6 {[%clk 01:33:36]} {[%emt 00:00:07]} 9. c3
{[%clk 01:33:37]} {[%emt 00:00:11]} Be7 {[%clk 01:33:15]} {[%emt 00:00:50]} 10.
Nbd2 {[%clk 01:33:16]} {[%emt 00:00:51]} Nc5 {[%clk 01:33:32]} {[%emt
00:00:13]} 11. Bc2 {[%clk 01:33:32]} {[%emt 00:00:15]} d4 {[%clk 01:33:22]}
{[%emt 00:00:40]} 12. Nb3 {[%clk 01:32:47]} {[%emt 00:01:14]} d3 {[%clk
01:30:45]} {[%emt 00:03:06]} 13. Bb1 {[%clk 01:33:07]} {[%emt 00:00:11]} Nxb3
{[%clk 01:29:37]} {[%emt 00:01:39]} 14. axb3 {[%clk 01:33:32]} {[%emt
00:00:05]} Bf5 {[%clk 01:29:57]} {[%emt 00:00:09]} 15. b4 {[%clk 01:29:36]}
{[%emt 00:04:26]} O-O {[%clk 01:26:17]} {[%emt 00:04:10]} 16. Bf4 {[%clk
01:24:32]} {[%emt 00:05:34]} Qd7 {[%clk 01:24:15]} {[%emt 00:02:32]} 17. Qd2
{[%clk 01:24:13]} {[%emt 00:00:50]} a5 {[%clk 01:23:23]} {[%emt 00:01:22]} 18.
bxa5 {[%clk 01:04:32]} {[%emt 00:20:11]} Nxa5 {[%clk 01:22:21]} {[%emt
00:01:31]} 19. Ba2 {[%clk 01:04:36]} {[%emt 00:00:26]} Nc4 {[%clk 01:20:20]}
{[%emt 00:02:31]} 20. Bxc4 {[%clk 01:04:54]} {[%emt 00:00:13]} bxc4 {[%clk
01:20:42]} {[%emt 00:00:07]} 21. Qe3 {[%clk 01:00:51]} {[%emt 00:04:33]} c5
{[%clk 01:19:15]} {[%emt 00:01:57]} 22. Bg5 {[%clk 00:58:41]} {[%emt 00:02:40]}
Bxg5 {[%clk 01:16:30]} {[%emt 00:03:15]} 23. Qxg5 {[%clk 00:58:03]} {[%emt
00:01:09]} Be6 {[%clk 01:16:12]} {[%emt 00:00:47]} 24. Nd2 {[%clk 00:56:44]}
{[%emt 00:01:49]} h6 {[%clk 01:14:11]} {[%emt 00:02:31]} 25. Qe3 {[%clk
00:44:55]} {[%emt 00:12:19]} Qb5 {[%clk 01:12:59]} {[%emt 00:01:42]} 26. Rab1
{[%clk 00:44:18]} {[%emt 00:01:08]} Ra2 {[%clk 01:11:26]} {[%emt 00:02:02]} 27.
Ne4 {[%clk 00:44:26]} {[%emt 00:00:21]} Rxb2 {[%clk 01:10:35]} {[%emt
00:01:22]} 28. Rxb2 {[%clk 00:44:10]} {[%emt 00:00:46]} Qxb2 {[%clk 01:10:59]}
{[%emt 00:00:05]} 29. Qxc5 {[%clk 00:41:48]} {[%emt 00:02:53]} Qb7 {[%clk
01:09:36]} {[%emt 00:01:52]} 30. Nd6 {[%clk 00:38:18]} {[%emt 00:04:00]} Qd5
{[%clk 01:09:19]} {[%emt 00:00:47]} 31. Qxd5 {[%clk 00:38:21]} {[%emt
00:00:28]} Bxd5 {[%clk 01:09:43]} {[%emt 00:00:05]} 32. Nf5 {[%clk 00:38:00]}
{[%emt 00:00:51]} Kh7 {[%clk 01:08:26]} {[%emt 00:01:48]} 33. Ne3 {[%clk
00:36:11]} {[%emt 00:02:19]} Be6 {[%clk 01:08:35]} {[%emt 00:00:21]} 34. f4
{[%clk 00:36:08]} {[%emt 00:00:33]} g6 {[%clk 01:08:35]} {[%emt 00:00:30]} 35.
g4 {[%clk 00:35:49]} {[%emt 00:00:49]} Rd8 {[%clk 01:07:47]} {[%emt 00:01:17]}
36. f5 {[%clk 00:34:23]} {[%emt 00:01:57]} Bd7 {[%clk 01:00:09]} {[%emt
00:08:08]} 37. Nxc4 {[%clk 00:24:54]} {[%emt 00:09:59]} gxf5 {[%clk 00:56:56]}
{[%emt 00:03:42]} 38. gxf5 {[%clk 00:25:02]} {[%emt 00:00:22]} Bxf5 {[%clk
00:54:48]} {[%emt 00:02:39]} 39. Rxf5 {[%clk 00:24:09]} {[%emt 00:01:23]} d2
{[%clk 00:55:12]} {[%emt 00:00:06]} 40. Nxd2 {[%clk 00:24:07]} {[%emt
00:00:32]} Rxd2 {[%clk 00:55:37]} {[%emt 00:00:05]} 41. Rxf7+ {[%clk 00:23:09]}
{[%emt 00:01:27]} Kg6 {[%clk 00:55:53]} {[%emt 00:00:14]} 42. Rf6+ {[%clk
00:20:41]} {[%emt 00:02:58]} Kg5 {[%clk 00:55:39]} {[%emt 00:00:43]} 43. Rd6
{[%clk 00:16:54]} {[%emt 00:04:19]} Rc2 {[%clk 00:53:59]} {[%emt 00:02:09]} 44.
Rd3 {[%clk 00:16:23]} {[%emt 00:01:02]} Re2 {[%clk 00:52:56]} {[%emt 00:01:30]}
45. Rd5 {[%clk 00:16:05]} {[%emt 00:00:50]} Kf5 {[%clk 00:50:36]} {[%emt
00:02:51]} 46. Rb5 {[%clk 00:14:21]} {[%emt 00:02:14]} Rc2 {[%clk 00:49:47]}
{[%emt 00:01:18]} 47. Rc5 {[%clk 00:12:40]} {[%emt 00:02:11]} h5 {[%clk
00:49:59]} {[%emt 00:00:18]} 48. h3 {[%clk 00:09:58]} {[%emt 00:03:13]} h4
{[%clk 00:48:25]} {[%emt 00:02:03]} 49. c4 {[%clk 00:03:14]} {[%emt 00:07:15]}
Ke6 {[%clk 00:48:03]} {[%emt 00:00:51]} 50. Kh1 {[%clk 00:21:26]} {[%emt
00:12:18]} Kf5 {[%clk 01:17:58]} {[%emt 00:00:35]} 51. Kg1 {[%clk 00:21:33]}
{[%emt 00:00:23]} Ke6 {[%clk 01:18:22]} {[%emt 00:00:06]} 52. Rc8 {[%clk
00:20:47]} {[%emt 00:01:17]} Kxe5 {[%clk 01:18:37]} {[%emt 00:00:15]} 53. Rc7
{[%clk 00:20:52]} {[%emt 00:00:25]} Kd6 {[%clk 01:18:35]} {[%emt 00:00:32]} 54.
Rc8 {[%clk 00:20:56]} {[%emt 00:00:26]} Kd7 {[%clk 01:18:30]} {[%emt 00:00:35]}
55. Rc5 {[%clk 00:21:11]} {[%emt 00:00:15]} Ke6 {[%clk 01:18:52]} {[%emt
00:00:06]} 56. Kh1 {[%clk 00:20:58]} {[%emt 00:00:45]} Rc3 {[%clk 01:18:36]}
{[%emt 00:00:45]} 57. Kg2 {[%clk 00:20:55]} {[%emt 00:00:34]} Rg3+ {[%clk
01:18:55]} {[%emt 00:00:10]} 58. Kh2 {[%clk 00:20:41]} {[%emt 00:00:45]} Rc3
{[%clk 01:19:14]} {[%emt 00:00:11]} 59. Rc6+ {[%clk 00:20:50]} {[%emt
00:00:21]} Kd7 {[%clk 01:19:32]} {[%emt 00:00:10]} 60. Rg6 {[%clk 00:20:23]}
{[%emt 00:00:59]} Rxc4 {[%clk 01:19:06]} {[%emt 00:00:55]} 61. Rg4 {[%clk
00:20:50]} {[%emt 00:00:04]} Rxg4 {[%clk 01:18:49]} {[%emt 00:00:47]} 62. hxg4
{[%clk 00:21:16]} {[%emt 00:00:04]} Ke6 {[%clk 01:19:09]} {[%emt 00:00:09]} 63.
Kh3 {[%clk 00:21:32]} {[%emt 00:00:15]} Kf6 {[%clk 01:19:33]} {[%emt 00:00:06]}
64. Kxh4 {[%clk 00:21:49]} {[%emt 00:00:14]} Kg6 {[%clk 01:19:57]} {[%emt
00:00:05]} 65. g5 {[%clk 00:22:15]} {[%emt 00:00:03]} 1/2-1/2

[Event "DEM U14 2024"]
[Site "Willingen GER"]
[Date "2024.05.25"]
[Round "9"]
[White "Pimenov, Danil"]
[Black "Geist, Tim"]
[Result "1-0"]
[Termination "normal"]
[Board "15"]
[WhiteElo "1863"]
[BlackElo "2007"]
[WhiteClock "01:01:55"]
[BlackClock "01:02:42"]
[PlyCount "57"]
[WhiteFideId "34600248"]
[BlackFideId "34604324"]
[EventCountry "GER"]
[EventRounds "9"]
[EventType "swiss"]
[EventDate "2024.05.18"]

1. e4 {[%clk 01:30:56]} {[%emt 00:00:03]} c5 {[%clk 01:30:50]} {[%emt
00:00:09]} 2. Nf3 {[%clk 01:31:23]} {[%emt 00:00:04]} d6 {[%clk 01:31:15]}
{[%emt 00:00:04]} 3. Bb5+ {[%clk 01:31:44]} {[%emt 00:00:09]} Nd7 {[%clk
01:31:39]} {[%emt 00:00:06]} 4. d4 {[%clk 01:32:07]} {[%emt 00:00:08]} cxd4
{[%clk 01:32:05]} {[%emt 00:00:04]} 5. Qxd4 {[%clk 01:32:30]} {[%emt 00:00:07]}
a6 {[%clk 01:32:31]} {[%emt 00:00:04]} 6. Be2 {[%clk 01:32:55]} {[%emt
00:00:04]} Ngf6 {[%clk 01:32:57]} {[%emt 00:00:04]} 7. c4 {[%clk 01:33:19]}
{[%emt 00:00:06]} e5 {[%clk 01:33:22]} {[%emt 00:00:05]} 8. Qe3 {[%clk
01:33:46]} {[%emt 00:00:04]} d5 {[%clk 01:32:57]} {[%emt 00:00:56]} 9. exd5
{[%clk 01:34:09]} {[%emt 00:00:06]} Bc5 {[%clk 01:33:22]} {[%emt 00:00:05]} 10.
Qb3 {[%clk 01:34:34]} {[%emt 00:00:04]} e4 {[%clk 01:33:48]} {[%emt 00:00:04]}
11. Nfd2 {[%clk 01:35:00]} {[%emt 00:00:04]} O-O {[%clk 01:34:10]} {[%emt
00:00:08]} 12. Nf1 {[%clk 01:29:16]} {[%emt 00:06:13]} Ne5 {[%clk 01:34:06]}
{[%emt 00:00:35]} 13. Be3 {[%clk 01:25:39]} {[%emt 00:04:07]} Nfd7 {[%clk
01:34:27]} {[%emt 00:00:08]} 14. Nc3 {[%clk 01:24:37]} {[%emt 00:01:33]} f5
{[%clk 01:34:51]} {[%emt 00:00:06]} 15. Na4 {[%clk 01:23:53]} {[%emt 00:01:13]}
Bxe3 {[%clk 01:33:41]} {[%emt 00:01:40]} 16. fxe3 {[%clk 01:23:43]} {[%emt
00:00:40]} b5 {[%clk 01:31:11]} {[%emt 00:03:01]} 17. cxb5 {[%clk 01:13:53]}
{[%emt 00:10:20]} axb5 {[%clk 01:31:02]} {[%emt 00:00:39]} 18. Nc3 {[%clk
01:10:13]} {[%emt 00:04:11]} Nc5 {[%clk 01:30:27]} {[%emt 00:01:04]} 19. Qxb5
{[%clk 01:08:40]} {[%emt 00:02:03]} Ncd3+ {[%clk 01:30:51]} {[%emt 00:00:05]}
20. Bxd3 {[%clk 01:07:58]} {[%emt 00:01:13]} Nxd3+ {[%clk 01:31:19]} {[%emt
00:00:02]} 21. Kd2 {[%clk 01:08:00]} {[%emt 00:00:27]} Bd7 {[%clk 01:27:53]}
{[%emt 00:03:57]} 22. Qc4 {[%clk 01:07:06]} {[%emt 00:01:24]} Nxb2 {[%clk
01:27:05]} {[%emt 00:01:18]} 23. Qd4 {[%clk 01:06:43]} {[%emt 00:00:52]} Rc8
{[%clk 01:19:15]} {[%emt 00:08:21]} 24. Ng3 {[%clk 01:05:16]} {[%emt 00:01:57]}
Qa5 {[%clk 01:08:42]} {[%emt 00:11:03]} 25. Rhc1 {[%clk 01:04:14]} {[%emt
00:01:32]} Rc4 {[%clk 01:08:50]} {[%emt 00:00:22]} 26. Qe5 {[%clk 01:03:54]}
{[%emt 00:00:49]} Rfc8 {[%clk 01:07:17]} {[%emt 00:02:04]} 27. Nh5 {[%clk
01:02:56]} {[%emt 00:01:28]} Rd4+ {[%clk 01:02:22]} {[%emt 00:05:25]} 28. Qxd4
{[%clk 01:02:13]} {[%emt 00:01:12]} Nc4+ {[%clk 01:02:42]} {[%emt 00:00:11]}
29. Ke1 {[%clk 01:01:55]} {[%emt 00:00:47]} 1-0

[Event "DEM U14 2024"]
[Site "Willingen GER"]
[Date "2024.05.25"]
[Round "9"]
[White "Goldkuhle, Collin"]
[Black "Derr, Oleg"]
[Result "0-1"]
[Termination "normal"]
[Board "16"]
[WhiteElo "1909"]
[BlackElo "1946"]
[WhiteClock "01:18:29"]
[BlackClock "01:22:39"]
[PlyCount "36"]
[WhiteFideId "16271106"]
[BlackFideId "34611517"]
[EventCountry "GER"]
[EventRounds "9"]
[EventType "swiss"]
[EventDate "2024.05.18"]

1. e4 {[%clk 01:30:29]} {[%emt 00:00:29]} c5 {[%clk 01:30:48]} {[%emt
00:00:13]} 2. Nc3 {[%clk 01:30:52]} {[%emt 00:00:07]} e6 {[%clk 01:31:11]}
{[%emt 00:00:07]} 3. f4 {[%clk 01:31:10]} {[%emt 00:00:12]} d5 {[%clk
01:31:33]} {[%emt 00:00:09]} 4. Nf3 {[%clk 01:31:21]} {[%emt 00:00:18]} dxe4
{[%clk 01:31:35]} {[%emt 00:00:28]} 5. Nxe4 {[%clk 01:31:41]} {[%emt 00:00:10]}
Nf6 {[%clk 01:31:50]} {[%emt 00:00:15]} 6. Nc3 {[%clk 01:30:40]} {[%emt
00:01:32]} Nc6 {[%clk 01:31:51]} {[%emt 00:00:29]} 7. Bb5 {[%clk 01:30:56]}
{[%emt 00:00:14]} Bd7 {[%clk 01:32:11]} {[%emt 00:00:10]} 8. a4 {[%clk
01:28:51]} {[%emt 00:02:35]} a6 {[%clk 01:30:38]} {[%emt 00:02:02]} 9. Bc4
{[%clk 01:28:38]} {[%emt 00:00:43]} Bd6 {[%clk 01:29:47]} {[%emt 00:01:20]} 10.
d4 {[%clk 01:26:02]} {[%emt 00:03:07]} cxd4 {[%clk 01:26:07]} {[%emt 00:04:10]}
11. Nxd4 {[%clk 01:26:18]} {[%emt 00:00:14]} O-O {[%clk 01:26:20]} {[%emt
00:00:17]} 12. Nb3 {[%clk 01:25:35]} {[%emt 00:01:14]} Qc7 {[%clk 01:25:37]}
{[%emt 00:01:12]} 13. O-O {[%clk 01:25:00]} {[%emt 00:01:05]} e5 {[%clk
01:22:08]} {[%emt 00:04:00]} 14. fxe5 {[%clk 01:24:18]} {[%emt 00:01:12]} Nxe5
{[%clk 01:22:26]} {[%emt 00:00:11]} 15. Be2 {[%clk 01:24:19]} {[%emt 00:00:29]}
Neg4 {[%clk 01:22:01]} {[%emt 00:00:55]} 16. h3 {[%clk 01:23:09]} {[%emt
00:01:41]} Bc5+ {[%clk 01:21:54]} {[%emt 00:00:37]} 17. Rf2 {[%clk 01:18:12]}
{[%emt 00:05:26]} Qh2+ {[%clk 01:22:13]} {[%emt 00:00:11]} 18. Kf1 {[%clk
01:18:29]} {[%emt 00:00:13]} Qh1# {[%clk 01:22:39]} {[%emt 00:00:05]} 0-1

[Event "DEM U14 2024"]
[Site "Willingen GER"]
[Date "2024.05.25"]
[Round "9"]
[White "Schöne, Finn"]
[Black "Bangert, Jonas"]
[Result "1-0"]
[Termination "normal"]
[Board "17"]
[WhiteElo "1815"]
[BlackElo "1772"]
[WhiteClock "01:04:42"]
[BlackClock "00:07:05"]
[PlyCount "95"]
[WhiteFideId "34623493"]
[BlackFideId "16289650"]
[EventCountry "GER"]
[EventRounds "9"]
[EventType "swiss"]
[EventDate "2024.05.18"]

1. d4 {[%clk 01:30:53]} {[%emt 00:00:05]} Nf6 {[%clk 01:30:55]} {[%emt
00:00:06]} 2. Nc3 {[%clk 01:31:19]} {[%emt 00:00:04]} d5 {[%clk 01:31:19]}
{[%emt 00:00:06]} 3. Bf4 {[%clk 01:31:45]} {[%emt 00:00:04]} c5 {[%clk
01:31:24]} {[%emt 00:00:25]} 4. e3 {[%clk 01:32:13]} {[%emt 00:00:02]} cxd4
{[%clk 01:30:41]} {[%emt 00:01:14]} 5. exd4 {[%clk 01:30:37]} {[%emt 00:02:06]}
a6 {[%clk 01:31:05]} {[%emt 00:00:06]} 6. Nf3 {[%clk 01:30:41]} {[%emt
00:00:25]} Nc6 {[%clk 01:31:30]} {[%emt 00:00:05]} 7. Ne5 {[%clk 01:31:07]}
{[%emt 00:00:04]} Bd7 {[%clk 01:31:55]} {[%emt 00:00:06]} 8. g3 {[%clk
01:31:33]} {[%emt 00:00:03]} e6 {[%clk 01:32:19]} {[%emt 00:00:06]} 9. Nxd7
{[%clk 01:32:02]} {[%emt 00:00:02]} Qxd7 {[%clk 01:32:43]} {[%emt 00:00:06]}
10. Na4 {[%clk 01:32:26]} {[%emt 00:00:06]} Qd8 {[%clk 01:33:02]} {[%emt
00:00:10]} 11. Bg2 {[%clk 01:32:50]} {[%emt 00:00:06]} Bd6 {[%clk 01:33:00]}
{[%emt 00:00:32]} 12. Be3 {[%clk 01:32:21]} {[%emt 00:00:59]} O-O {[%clk
01:29:41]} {[%emt 00:03:49]} 13. O-O {[%clk 01:32:34]} {[%emt 00:00:17]} b5
{[%clk 01:21:13]} {[%emt 00:08:58]} 14. Nc5 {[%clk 01:28:19]} {[%emt 00:04:46]}
Qe7 {[%clk 01:12:27]} {[%emt 00:09:15]} 15. c3 {[%clk 01:24:25]} {[%emt
00:04:24]} a5 {[%clk 01:06:02]} {[%emt 00:06:55]} 16. Qd3 {[%clk 01:17:52]}
{[%emt 00:07:02]} Rfb8 {[%clk 01:04:47]} {[%emt 00:01:46]} 17. a4 {[%clk
01:17:39]} {[%emt 00:00:42]} b4 {[%clk 00:57:43]} {[%emt 00:07:34]} 18. c4
{[%clk 01:17:30]} {[%emt 00:00:39]} Bxc5 {[%clk 00:55:01]} {[%emt 00:03:13]}
19. cxd5 {[%clk 01:08:33]} {[%emt 00:09:26]} Nxd4 {[%clk 00:53:21]} {[%emt
00:02:11]} 20. Bxd4 {[%clk 01:06:27]} {[%emt 00:02:36]} Bxd4 {[%clk 00:53:27]}
{[%emt 00:00:24]} 21. Qxd4 {[%clk 01:03:39]} {[%emt 00:03:16]} exd5 {[%clk
00:35:36]} {[%emt 00:18:23]} 22. Rfe1 {[%clk 01:02:12]} {[%emt 00:01:57]} Qd6
{[%clk 00:36:01]} {[%emt 00:00:05]} 23. Re5 {[%clk 01:02:30]} {[%emt 00:00:11]}
Re8 {[%clk 00:24:24]} {[%emt 00:12:08]} 24. Rf5 {[%clk 00:55:15]} {[%emt
00:07:39]} Qd7 {[%clk 00:14:07]} {[%emt 00:10:53]} 25. Qd3 {[%clk 00:53:36]}
{[%emt 00:02:09]} Rad8 {[%clk 00:13:30]} {[%emt 00:01:07]} 26. b3 {[%clk
00:52:16]} {[%emt 00:01:50]} Qc7 {[%clk 00:13:26]} {[%emt 00:00:34]} 27. Rd1
{[%clk 00:50:38]} {[%emt 00:02:07]} Re5 {[%clk 00:11:52]} {[%emt 00:02:05]} 28.
Rxe5 {[%clk 00:49:11]} {[%emt 00:01:56]} Qxe5 {[%clk 00:12:21]} {[%emt
00:00:02]} 29. Qb5 {[%clk 00:49:41]} Qc7 {[%clk 00:12:05]} {[%emt 00:00:46]}
30. Bxd5 {[%clk 00:48:57]} {[%emt 00:01:14]} g6 {[%clk 00:08:50]} {[%emt
00:03:45]} 31. Rd3 {[%clk 00:47:59]} {[%emt 00:01:27]} Kg7 {[%clk 00:07:32]}
{[%emt 00:01:49]} 32. Bc4 {[%clk 00:47:25]} {[%emt 00:01:04]} Rxd3 {[%clk
00:07:28]} {[%emt 00:00:34]} 33. Bxd3 {[%clk 00:47:54]} {[%emt 00:00:01]} h5
{[%clk 00:05:28]} {[%emt 00:02:31]} 34. Bc4 {[%clk 00:46:31]} {[%emt 00:01:51]}
Ng4 {[%clk 00:05:12]} {[%emt 00:00:47]} 35. Qd5 {[%clk 00:45:50]} {[%emt
00:01:08]} Qa7 {[%clk 00:04:45]} {[%emt 00:00:59]} 36. Qf3 {[%clk 00:45:26]}
{[%emt 00:00:54]} Qe7 {[%clk 00:03:39]} {[%emt 00:01:37]} 37. h3 {[%clk
00:42:26]} {[%emt 00:03:29]} Nf6 {[%clk 00:02:40]} {[%emt 00:01:29]} 38. g4
{[%clk 00:37:38]} {[%emt 00:05:18]} hxg4 {[%clk 00:02:05]} {[%emt 00:01:07]}
39. hxg4 {[%clk 00:37:58]} {[%emt 00:00:08]} Qe4 {[%clk 00:01:08]} {[%emt
00:01:28]} 40. Qxe4 {[%clk 00:37:23]} {[%emt 00:01:05]} Nxe4 {[%clk 00:01:33]}
{[%emt 00:00:05]} 41. f4 {[%clk 00:35:54]} {[%emt 00:01:58]} g5 {[%clk
00:06:49]} {[%emt 00:25:14]} 42. fxg5 {[%clk 01:03:55]} {[%emt 00:02:29]} Kg6
{[%clk 00:07:00]} {[%emt 00:00:19]} 43. Bd3 {[%clk 01:04:11]} {[%emt 00:00:14]}
Kxg5 {[%clk 00:06:26]} {[%emt 00:01:04]} 44. Bxe4 {[%clk 01:04:34]} {[%emt
00:00:07]} Kxg4 {[%clk 00:06:49]} {[%emt 00:00:08]} 45. Kf2 {[%clk 01:04:05]}
{[%emt 00:00:57]} Kf4 {[%clk 00:07:16]} {[%emt 00:00:05]} 46. Bb7 {[%clk
01:04:10]} {[%emt 00:00:23]} Ke5 {[%clk 00:07:02]} {[%emt 00:00:45]} 47. Ke3
{[%clk 01:04:28]} {[%emt 00:00:12]} f5 {[%clk 00:07:05]} {[%emt 00:00:28]} 48.
Kd3 {[%clk 01:04:42]} 1-0

[Event "DEM U14 2024"]
[Site "Willingen GER"]
[Date "2024.05.25"]
[Round "9"]
[White "Dodul, Arthur"]
[Black "Nguyen, Thanh An"]
[Result "0-1"]
[Termination "normal"]
[Board "18"]
[WhiteElo "1789"]
[BlackElo "1794"]
[WhiteClock "00:31:19"]
[BlackClock "01:05:13"]
[PlyCount "110"]
[WhiteFideId "34609016"]
[BlackFideId "34627804"]
[EventCountry "GER"]
[EventRounds "9"]
[EventType "swiss"]
[EventDate "2024.05.18"]

1. e4 {[%clk 01:30:57]} {[%emt 00:00:03]} e6 {[%clk 01:30:52]} {[%emt
00:00:09]} 2. c4 {[%clk 01:31:03]} {[%emt 00:00:23]} d5 {[%clk 01:31:17]}
{[%emt 00:00:05]} 3. exd5 {[%clk 01:31:28]} {[%emt 00:00:06]} exd5 {[%clk
01:31:42]} {[%emt 00:00:05]} 4. cxd5 {[%clk 01:31:53]} {[%emt 00:00:05]} Nf6
{[%clk 01:32:07]} {[%emt 00:00:04]} 5. Bb5+ {[%clk 01:32:04]} {[%emt 00:00:18]}
Nbd7 {[%clk 01:32:12]} {[%emt 00:00:26]} 6. Nc3 {[%clk 01:31:57]} {[%emt
00:00:38]} a6 {[%clk 01:32:21]} {[%emt 00:00:21]} 7. Be2 {[%clk 01:31:05]}
{[%emt 00:01:21]} Nb6 {[%clk 01:30:48]} {[%emt 00:02:03]} 8. Nf3 {[%clk
01:30:20]} {[%emt 00:01:14]} Nbxd5 {[%clk 01:31:00]} {[%emt 00:00:19]} 9. O-O
{[%clk 01:30:00]} {[%emt 00:00:49]} Be7 {[%clk 01:30:12]} {[%emt 00:01:20]} 10.
d4 {[%clk 01:28:58]} {[%emt 00:01:32]} O-O {[%clk 01:30:32]} {[%emt 00:00:10]}
11. Bg5 {[%clk 01:27:13]} {[%emt 00:02:13]} Be6 {[%clk 01:29:49]} {[%emt
00:01:14]} 12. Ne5 {[%clk 01:23:10]} {[%emt 00:04:32]} h6 {[%clk 01:25:29]}
{[%emt 00:04:51]} 13. Bh4 {[%clk 01:16:55]} {[%emt 00:06:44]} Nf4 {[%clk
01:19:15]} {[%emt 00:06:42]} 14. Bf3 {[%clk 01:13:19]} {[%emt 00:04:07]} c6
{[%clk 01:13:18]} {[%emt 00:06:30]} 15. Qd2 {[%clk 01:07:53]} {[%emt 00:05:53]}
N6d5 {[%clk 01:11:02]} {[%emt 00:02:49]} 16. Bxe7 {[%clk 01:00:44]} {[%emt
00:07:39]} Qxe7 {[%clk 01:11:22]} {[%emt 00:00:10]} 17. g3 {[%clk 00:52:43]}
{[%emt 00:08:31]} Nh3+ {[%clk 00:51:41]} {[%emt 00:20:10]} 18. Kh1 {[%clk
00:52:01]} {[%emt 00:01:10]} Nxc3 {[%clk 00:50:16]} {[%emt 00:01:57]} 19. bxc3
{[%clk 00:50:21]} {[%emt 00:02:10]} Ng5 {[%clk 00:50:42]} {[%emt 00:00:05]} 20.
Bg2 {[%clk 00:49:15]} {[%emt 00:01:34]} Bd5 {[%clk 00:43:58]} {[%emt 00:07:15]}
21. f4 {[%clk 00:40:27]} {[%emt 00:09:17]} Ne4 {[%clk 00:44:13]} {[%emt
00:00:16]} 22. Qe3 {[%clk 00:40:00]} {[%emt 00:00:57]} Nd6 {[%clk 00:44:17]}
{[%emt 00:00:26]} 23. Rfe1 {[%clk 00:38:49]} {[%emt 00:01:41]} Rfe8 {[%clk
00:44:00]} {[%emt 00:00:47]} 24. Bxd5 {[%clk 00:34:30]} {[%emt 00:04:49]} cxd5
{[%clk 00:43:39]} {[%emt 00:00:51]} 25. Qf3 {[%clk 00:33:42]} {[%emt 00:01:15]}
Qe6 {[%clk 00:41:07]} {[%emt 00:03:05]} 26. Rac1 {[%clk 00:27:27]} {[%emt
00:06:45]} Re7 {[%clk 00:39:27]} {[%emt 00:02:10]} 27. Nd3 {[%clk 00:24:23]}
{[%emt 00:03:32]} Ne4 {[%clk 00:39:17]} {[%emt 00:00:42]} 28. Nc5 {[%clk
00:24:04]} {[%emt 00:00:50]} Qc6 {[%clk 00:38:47]} {[%emt 00:00:59]} 29. Nxe4
{[%clk 00:12:10]} {[%emt 00:12:24]} dxe4 {[%clk 00:38:57]} {[%emt 00:00:20]}
30. Qe3 {[%clk 00:12:20]} {[%emt 00:00:19]} Qc4 {[%clk 00:39:11]} {[%emt
00:00:17]} 31. Qe2 {[%clk 00:11:23]} {[%emt 00:01:25]} Rc8 {[%clk 00:39:00]}
{[%emt 00:00:43]} 32. Kg2 {[%clk 00:08:08]} {[%emt 00:03:43]} Qd5 {[%clk
00:39:15]} {[%emt 00:00:17]} 33. Rc2 {[%clk 00:06:55]} {[%emt 00:01:43]} f5
{[%clk 00:38:07]} {[%emt 00:01:38]} 34. Rd1 {[%clk 00:06:09]} {[%emt 00:01:16]}
Rec7 {[%clk 00:37:12]} {[%emt 00:01:25]} 35. Qe3 {[%clk 00:05:43]} {[%emt
00:00:56]} b5 {[%clk 00:37:23]} {[%emt 00:00:20]} 36. Rb1 {[%clk 00:03:38]}
{[%emt 00:02:33]} Rc4 {[%clk 00:36:10]} {[%emt 00:01:43]} 37. a3 {[%emt
00:01:13]} Rxd4 {[%clk 00:34:37]} {[%emt 00:02:02]} 38. Rbb2 {[%clk 00:02:18]}
{[%emt 00:01:09]} Rd3 {[%clk 00:34:44]} {[%emt 00:00:23]} 39. Qe2 {[%clk
00:01:51]} {[%emt 00:00:58]} Rcxc3 {[%clk 00:34:47]} {[%emt 00:00:27]} 40. Rxc3
{[%clk 00:02:05]} {[%emt 00:00:15]} Rxc3 {[%emt 00:00:04]} 41. Rd2 {[%clk
00:02:20]} {[%emt 00:00:15]} Rd3 {[%clk 00:35:08]} {[%emt 00:00:35]} 42. Rc2
{[%clk 00:02:17]} {[%emt 00:00:33]} Kh7 {[%clk 00:34:32]} {[%emt 00:01:06]} 43.
Kh3 {[%clk 00:02:07]} {[%emt 00:00:40]} Qf7 {[%clk 00:34:31]} {[%emt 00:00:31]}
44. Rc6 {[%clk 00:02:11]} {[%emt 00:00:25]} Rxa3 {[%clk 00:34:41]} {[%emt
00:00:21]} 45. Qd1 {[%clk 00:02:14]} {[%emt 00:00:26]} Ra2 {[%clk 00:34:33]}
{[%emt 00:00:38]} 46. Rd6 {[%clk 00:02:09]} {[%emt 00:00:36]} e3 {[%clk
00:34:45]} {[%emt 00:00:18]} 47. g4 {[%clk 00:01:39]} {[%emt 00:00:59]} e2
{[%clk 00:34:42]} {[%emt 00:00:34]} 48. Qb1 {[%clk 00:01:40]} {[%emt 00:00:29]}
Rb2 {[%clk 00:34:15]} {[%emt 00:00:58]} 49. Qe1 {[%clk 00:00:39]} {[%emt
00:01:29]} fxg4+ {[%clk 00:34:38]} {[%emt 00:00:08]} 50. Kg3 {[%clk 00:00:53]}
{[%emt 00:00:16]} Qh5 {[%clk 00:34:44]} {[%emt 00:00:24]} 51. h4 {[%clk
00:30:08]} {[%emt 00:01:14]} Rb3+ {[%clk 01:04:55]} {[%emt 00:00:19]} 52. Kg2
{[%clk 00:30:30]} {[%emt 00:00:09]} Qf5 {[%clk 01:05:00]} {[%emt 00:00:25]} 53.
Qxe2 {[%clk 00:30:48]} {[%emt 00:00:11]} Rb4 {[%clk 01:04:27]} {[%emt
00:01:04]} 54. Kg3 {[%clk 00:31:02]} {[%emt 00:00:16]} Qxf4+ {[%clk 01:04:48]}
{[%emt 00:00:09]} 55. Kg2 {[%clk 00:31:19]} {[%emt 00:00:12]} Qxd6 {[%clk
01:05:13]} {[%emt 00:00:05]} 0-1